| 000 | 00900nam a22002537a 4500 | ||
|---|---|---|---|
| 005 | 20100826122442.0 | ||
| 008 | 090109t xxu||||| |||| 00| 0urd d | ||
| 010 | _aUR-8012 | ||
| 020 | _c150.00 | ||
| 035 | _aU-6567 | ||
| 037 | _bDBAD/PUB | ||
| 040 |
_aDPL _burdu |
||
| 082 | _a841 | ||
| 100 |
_912785 _aحمید آصف |
||
| 245 |
_aپیا ر قا ئم ر ہے ز ما نے میں / _cحمید آ صف |
||
| 246 |
_aSat Suron Ki Mithi Halchal _bby Ghayas Anjum |
||
| 260 |
_aحید ر آ با د _c2009 ء _bا طیب پبلشنگ ہا ؤ س |
||
| 270 |
_bHyderabad _e500 008 _k9849339588 _a 9-10-241, Risala Bazar Qila Golkunda, |
||
| 300 |
_a180 ص _c22 س م (Pb) |
||
| 650 | _912786 | ||
| 700 | _954088 | ||
| 942 |
_2ddc _cUR _h841 _mح م ی |
||
| 999 |
_c71999 _d71999 |
||